00734nam a2200205Ia 4500003000900000008004100009040001600050080002200066245010700088260005500195300001300250490003300263650002500296650002600321650001800347700003600365942000700401999001500408952010500423IN-BaIIA211028s9999 xx 000 0 eng d cIIA Library a523.9(082.2)bTHE 4aThe Menzel symposium on solar physics, atomic spectra, and gaseous nebulaecedited by Katharine Gebbie aWashingtonbU. S. Government Printing Officec1971 ax, 213p. aNBS special publication; 353 aAtomic spectra91533 aGaseous nebulae92296 aSolar physics aGebbie, Katharine B., ed.97809 cBK c4472d4472 00104070aBANbBANcGENd1974-08-13l0o523.9(082.2)/ THEp4994r2021-11-05w1974-08-13yBK 10.50